| 000 | 01255nas a2200229 a 4500 | ||
|---|---|---|---|
| 005 | 20250415100255.0 | ||
| 007 | ta | ||
| 008 | 250318e1966 dr no||r|||||||| | spa d | ||
| 040 |
_aDO-SdBNP _cBNPHU _erda |
||
| 041 | _hspa | ||
| 245 |
_aEl comunista / _cPartido Comunista de la República Dominicana. |
||
| 264 |
_aSanto Domingo, República Dominicana : _bPartido Comunista de la República Dominicana, _c1966. |
||
| 300 |
_avolumen : _bilustraciones, fotografías ; _c28.5 cm. |
||
| 310 | _aMensual. | ||
| 336 |
_atexto _btxt _2rdacontent |
||
| 337 |
_asin mediación _bn _2rdamedia |
||
| 338 |
_avolumen _bnc _2rdacarrier |
||
| 362 | _aAño 1, No. 1, noviembre, 1966. | ||
| 500 | _aIniciamos en este número la publicación de los documentos emitidos por una serie de organismos del partido en todo el país, condenado las tesis erradas y los métodos Anti-Leninistas de los escisionistas encabedos por Cayetano Rodríguez y Ramón Pinedo. El Movimiento Popular Dominicano, Partido Maxista-Leninista, sostiene en alto hoy más firme que nunca la bandera roja del Marxismo- Leninismo y de la Revolución Proletaria. | ||
| 650 | 0 |
_aComunismo _xHistoria _xPartidos políticos _vPublicación periódica _zRepública Dominicana _912722 |
|
| 942 |
_2ddc _cISSUE |
||
| 999 |
_c58395 _d58395 |
||